Match the WWE Wrestler to their Tag Team Partner - Statistics

General Stats
  • This quiz has been taken 58 times
  • The average score is 22 of 24
Answer Stats
Hint Answer % Correct
Finn Balor JD McDonagh
98%
Asuka Kairi Sane
98%
Tama Tonga Tonga Loa
98%
Kofi Kingston Xavier Woods
98%
Austin Theory Grayson Waller
96%
Bianca Belair Jade Cargill
96%
Karl Anderson Luke Gallows
96%
Erik Ivar
94%
Tommaso Ciampa Johnny Gargano
94%
Chelsea Green Piper Niven
94%
Angel Berto
92%
Cruz Del Toro Joaquin Wilde
92%
Angelo Dawkins Montez Ford
92%
Akam Rezar
92%
Candace LeRae Indi Hartwell
90%
Brutus Creed Julius Creed
90%
Shayna Baszler Zoey Stark
90%
Alba Fyre Isla Dawn
88%
Katana Chance Kaden Carter
88%
Kit Wilson Elton Prince
84%
Axiom Nathan Frazer
84%
Trey Miguel Zach Wentz
84%
Apollo Crews Baron Corbin
82%
Tyler Bate Pete Dunne
82%
No matching quizzes found
Score Distribution
Percent of People with Each Score
Percentile by Number Answered
Your Score History
You have not taken this quiz